Vývoj uplatňovania spotrebných daní na území Slovenskej republiky
Vývoj a zhodnotenie uplatňovania spotrebných daní na území Slovenska v 20. a 21. storočí. Proces harmonizácie, ktorý prebehol v členských štátoch Európskej únie. Uplatňovanie neharmonizovaných spotrebných daní v rámci členských krajín.
Uložené v:
| Hlavný autor: | |
|---|---|
| Médium: | Kapitola |
| Jazyk: | Slovak |
| Predmet: | |
| Tagy: |
Žiadne tagy, Buďte prvý, kto otaguje tento záznam!
|
MARC
| LEADER | 00000nla a2200000 4500 | ||
|---|---|---|---|
| 001 | 0206855 | ||
| 005 | 20240502073432.3 | ||
| 041 | 0 | |a slo | |
| 044 | |a SK | ||
| 245 | 1 | 0 | |a Vývoj uplatňovania spotrebných daní na území Slovenskej republiky |c Juraj Válek |
| 520 | |a Vývoj a zhodnotenie uplatňovania spotrebných daní na území Slovenska v 20. a 21. storočí. Proces harmonizácie, ktorý prebehol v členských štátoch Európskej únie. Uplatňovanie neharmonizovaných spotrebných daní v rámci členských krajín. | ||
| 610 | 2 | 0 | |a dane nepriame |
| 610 | 2 | 0 | |a dane spotrebné |
| 610 | 2 | 0 | |a predpisy daňové |
| 610 | 2 | 0 | |a systémy daňové |
| 610 | 2 | 0 | |a harmonizácia |
| 610 | 2 | 0 | |a Slovensko |
| 610 | 2 | 0 | |a Európska únia |
| 100 | 1 | |a Válek, Juraj, 1981- | |